Intercropping systems between hevea rows at the researchstation of the rubber rearch institute of cambodia,(ប្រព័ន្ធដំណាំចន្លោះរងកៅស៊ូនៅស្ថានីយ៍ពិសោធន៍នៃសាកលវិទ្យាល័យស្រាវជ្រាវកៅស៊ូកម្ពុជា) (Record no. 596)

000 -LEADER
fixed length control field 00710nam a22001577a 4500
003 - CONTROL NUMBER IDENTIFIER
control field OSt
005 - DATE AND TIME OF LATEST TRANSACTION
control field 20150916171101.0
008 - FIXED-LENGTH DATA ELEMENTS--GENERAL INFORMATION
fixed length control field 150916b xxu||||| |||| 00| 0 eng d
040 ## - CATALOGING SOURCE
Transcribing agency RUA
082 ## - DEWEY DECIMAL CLASSIFICATION NUMBER
Classification number AGR YIN 2004 B029 Or.1
100 ## - MAIN ENTRY--PERSONAL NAME
9 (RLIN) 621
Personal name YIN PHANADETH
245 ## - TITLE STATEMENT
Title Intercropping systems between hevea rows at the researchstation of the rubber rearch institute of cambodia,(ប្រព័ន្ធដំណាំចន្លោះរងកៅស៊ូនៅស្ថានីយ៍ពិសោធន៍នៃសាកលវិទ្យាល័យស្រាវជ្រាវកៅស៊ូកម្ពុជា)
260 ## - PUBLICATION, DISTRIBUTION, ETC. (IMPRINT)
Place of publication, distribution, etc. phnom penh
Name of publisher, distributor, etc. RUA
Date of publication, distribution, etc. 2004
300 ## - PHYSICAL DESCRIPTION
Extent ix,50p.
Dimensions ill.
Size of unit 29cm.
942 ## - ADDED ENTRY ELEMENTS (KOHA)
Source of classification or shelving scheme
Koha item type AGR
Holdings
Price effective from Date last seen Permanent Location Not for loan Date acquired Date last checked out Source of classification or shelving scheme Koha item type Total Checkouts Barcode Lost status Damaged status Withdrawn status Current Location Full call number
2015-09-162019-06-10Library Block B 2015-09-162019-05-25 AGR2RUA001547   Library Block BAGR YIN 2004 B029 Or.1
មជ្ឈមណ្ឌលឯការនៃសាកលវិទ្យាល័យភូមិន្ទកសិកម្មចំការដូង

Powered by Koha